000 03040nam a22003617a 4500
001 AU-008 | 8498 | AEC-0001
003 FranzMayer
005 20260505162732.0
006 t||||g||||| 00| |
007 tz
008 260218s1545 sp i|||g||||| 00| | spa d
040 _aBMFM
_bspa
041 0 _aspa
084 _aCS-L1-N2
245 0 0 _a[Ejecutoria de hidalguía]. Emitida a solicitud de Juan Alonso de Spinola, vecino de Valdepeñas (Jaén)
246 1 3 _aEjecutoria de Hidalguía emitida a solicitud de Juan Alonso de Spinola
260 _aGranada, España,
_c1545
300 _a26 h.;
_c31 x 22 x 2 cm
500 _aFecha completa de publicación: 20/03/1545
520 3 _aCarta ejecutoria emitida a favor de Juan Alonso de Spinola, vecino de Valdepeñas, Jaén, España.
563 _aOtras referencias físicas: Encuadernación entera en piel. El cuerpo del libro está constituido por hojas de pergamino que forman un cuadernillo unido mediante costura pasada, que lo atraviesa y llega hasta la cubierta, también de pergamino. Parece haber tenido una costura previa, debido a que hay orificios que no coinciden con los orificios de costura actuales. Cantos del cuerpo del libro dorados<br/>La cartera tiene un refuerzo de pergamino adherido en el lomo, que une ambas tapas. Los soportes de las tapas están hechos de varias hojas de papel de reúso impreso. Antes de la cartera, el cuerpo del libro parece haber tenido una cubierta de pergamino, cuyas tapas se usaron como contraguardas en la encuadernación actual para unir el cuerpo a la cartera en pie. Decoración con dorado en las tapas y en el lomo. Texto manuscrito con tinta ferrogálica. Anotaciones al margen con tinta ferrogálica, distintas en color y caligrafía del texto general
591 _aEstado de Conservación: Bueno
591 _bDescripción de conservación: Presenta suciedad, manchas, galerías mínimas y puntas de la cartera desnuda
592 _aMarcas Adicionales: Texto escrito en letra gótica. En la primera hoja se observa una firma y una nota manuscrita. En la segunda hoja, en la esquina superior izquierda hay un escudo con el nombre del rey a la derecha, sobre un fondo azul. En la mitad inferior se observa un escudo de armas con fondo dorado y decoración floral. Los márgenes están decorados con una doble línea roja. Las letras capitulares, distribuidas a lo largo del documento, tienen aproximadamente seis líneas de altura, y están decoradas en dorado sobre fondo rojo
600 1 0 _aSpinola, Juan García
_xGenealogy
_930105
650 1 0 _aNobility
_zKingdoms of Spain
_930106
650 1 0 _aLegal status, laws, etc.
_xHistory
_y16th century
_zSpain
_zCastile
_930107
655 0 _aIllumination of books and manuscripts, Gothic
_xThemes, motifs
_zSpain
_zCastile
_930108
710 1 3 _aReal Audiencia y Chancillería de Granada
_930047
856 _qTIF//PDF
_uhttps://bibliotecadigital.franzmayer.org.mx/items/defd3146-b53d-4a3f-afd4-f3e5c6f97345
_yBiblioteca Digital Franz Mayer
902 _aKH
_aTV
_aFM
942 _2lcc
_cD
999 _c11100
_d11100